Fatwa pengharaman Ahmadiyah oleh Majelis Ulama Indonesia tahun 2005 dan kesannya terhadap aspek sosial : kajian di Alun-Alun Contong, Surabaya, Indonesia /
Saved in:
| Main Author: | |
|---|---|
| Format: | Thesis Book |
| Language: | Malay |
| Subjects: | |
| Online Access: | http://studentsrepo.um.edu.my/id/eprint/5091 |
| Tags: |
Add Tag
No Tags, Be the first to tag this record!
|
| LEADER | 01677cam a2200349 i 4500 | ||
|---|---|---|---|
| 001 | u890055 | ||
| 003 | SIRSI | ||
| 005 | 201310241159 | ||
| 008 | 131024s2013 my a t 000 0 may m | ||
| 040 | |a UMA |d UMM |d AUM |e rda | ||
| 043 | |a a-io--- | ||
| 090 | |a BP42 |b A1 UM 2013 Hid | ||
| 094 | |a BP42 |b A1 UM 2013 Hid | ||
| 100 | 1 | |a Hidayah, Hudi |e author. | |
| 245 | 1 | 0 | |a Fatwa pengharaman Ahmadiyah oleh Majelis Ulama Indonesia tahun 2005 dan kesannya terhadap aspek sosial : |b kajian di Alun-Alun Contong, Surabaya, Indonesia / |c Hudi Hidayat ; diselia oleh Profesor Madya Dr Noor Naemah Abd Rahman. |
| 264 | 1 | |c 2013 | |
| 264 | 4 | |c 2013 | |
| 300 | |a xiv, 153 [154-160] pages : |b illustrations ; |c 30 cm. | ||
| 500 | |a AIUM | ||
| 502 | |b M.Syariah |c Jabatan Fiqh dan Usul, Akademi Pengajian Islam, Universiti Malaya |d 2013. | ||
| 504 | |a Bibliography: leaves 149-153. | ||
| 610 | 2 | 0 | |a Majelis Ulama Indonesia. |
| 650 | 0 | |a Fatwas |z Indonesia. | |
| 700 | 0 | |a Noor Naemah Abdul Rahman, |e degree supervisor. | |
| 710 | 2 | 0 | |a Universiti Malaya. |b Jabatan Fiqh dan Usul, |e degree granting institution. |
| 856 | 4 | 1 | |u http://studentsrepo.um.edu.my/id/eprint/5091 |
| 900 | |a HH-ZA | ||
| 596 | |a 1 12 18 25 | ||
| 999 | |a BP42 A1 UM 2013 HID |w LC |c 1 |i A514695108 |l RESERVES |m P18ISLPURI |r Y |s Y |t TESIS |u 24/10/2013 | ||
| 999 | |a BP42 A1 UM 2013 HID |w LC |c 1 |i A515787707 |d 13/4/2016 |e 13/4/2016 |f 25/2/2014 |g 1 |l STACKS |m P12ISLAMKL |n 2 |r Y |s Y |t TESIS |u 25/2/2014 | ||
| 999 | |a BP42 A1 UM 2013 HID |w LC |c 1 |i A515711385 |d 23/12/2014 |f 23/12/2014 |g 1 |l STACKS |m P01UTAMA |r Y |s Y |t TESIS |u 23/12/2014 | ||
| 999 | |a BP42 A1 UM 2013 HID |w LC |c 1 |i A517295988 |f 27/1/2022 |g 1 |l STACKS |m P25UMARCHI |r N |s Y |t CD |u 27/1/2022 |1 AHSS |o .STAFF. MST-CD366 | ||
